000
00241nam a2200097Ia 4500
001
646290
005
20250826153640.0
008
250824s9999 xx 000 0 und d
245
0
_a
Hikayelerle 40 Hadis
_c
Ayşe Serra Kara
260
_b
KAYALIPARK
999
_c
646290
_d
646290